|
|
|
|
| LEADER |
00000nab a2200000 a 4500 |
| 001 |
vtls009530295 |
| 003 |
SK-MaSNL |
| 005 |
20260304153528.0 |
| 008 |
250506c2008 xo |||||| | ||00 b|slo |
| 015 |
|
|
|a SNBRB2009/06
|2 snkbucl
|
| 035 |
|
|
|a (sysno)vtls009530295
|
| 035 |
|
|
|a urn:nbn:sk:snk-ab72n7
|
| 035 |
|
|
|a (uuid)9c1f5c56-fe38-4723-9f85-8eb3c6155c43
|
| 035 |
|
|
|a (urnnbn)urn:nbn:sk:snk:ar-a06qf9
|
| 038 |
|
|
|a SNKBUCL
|
| 040 |
|
|
|a SNKBUCL
|b slo
|c SNKBUCL
|e AACR2
|
| 041 |
0 |
|
|a slo
|
| 044 |
|
|
|a xo
|c SK
|
| 080 |
|
|
|a 930.25:005.963.3
|2 2001
|
| 080 |
|
|
|a 005.963.3
|2 2001
|
| 100 |
1 |
|
|a Donovalová, Zlatica
|4 aut
|9 1158169
|
| 245 |
1 |
0 |
|a Odborná stáž v Poznani 23. 6. - 28. 6. 2008
|c Zlatica Donovalová - Mária Petrovičová
|
| 300 |
|
|
|b Fotogr.
|
| 610 |
2 |
7 |
|a Archiwum Państwowe (Poznaň, Poľsko)
|2 snkbucl
|9 75954
|
| 648 |
|
7 |
|a 2008
|2 snkbucl
|9 317238
|
| 648 |
|
7 |
|a 23.-28.6.2008
|2 snkbucl
|9 1477031
|
| 650 |
0 |
7 |
|a archívnictvo
|2 SNKPH
|9 4219
|
| 650 |
0 |
7 |
|a stáže
|2 SNKPH
|9 59655
|
| 700 |
1 |
|
|a Petrovičová, Mária
|4 aut
|9 458893
|
| 773 |
0 |
|
|t Fórum archivárov
|g Roč. XVII, č. 3 (2008), s. 7-9
|
| 850 |
|
|
|a Slovenská národná knižnica
|
| 852 |
|
|
|a Slovenská národná knižnica
|
| 856 |
4 |
1 |
|u http://www.archivari.sk/(S(gkgdog45i5ifpkbyymrxd545))/FA/3_2008.pdf
|
| 954 |
|
|
|a odborná, vedecká literatúra pôvodná (slovenská)
|2 lita
|
| 958 |
|
|
|a article27
|
| 958 |
|
|
|a PL
|
| 958 |
|
|
|a OND
|
| 958 |
|
|
|a EUIPO
|
| 999 |
|
|
|c 2954033
|d 2955963
|